[Event "NAYCC U14"]
[Site "Toronto CAN"]
[Date "2013.08.18"]
[Round "8"]
[White "Lee, Stefano"]
[Black "Zhang, Jeff"]
[Result "0-1"]
[WhiteElo "922"]
[BlackElo "1493"]
[PlyCount "80"]
[GameId "2160767909284163"]
[EventDate "2013.08.14"]
[EventType "swiss"]
[EventRounds "9"]
[EventCountry "CAN"]
[SourceTitle "EXT 2022"]
[Source "ChessBase"]
[SourceDate "2021.10.06"]
[SourceVersion "1"]
[SourceVersionDate "2021.10.06"]
[SourceQuality "1"]

1. e4 c5 2. Nf3 Nc6 3. d4 cxd4 4. Nxd4 g6 5. Nc3 Bg7 6. Nb3 Nf6 7. Be2 O-O 8. O-O d6 9. Be3 Be6 10. Qd2 d5 11. f3 a5 12. Rad1 dxe4 13. fxe4 Ng4 14. Qc1 Qb8 15. Bf4 Qa7+ 16. Kh1 Bxc3 17. Bg3 Bg7 18. Bf3 Rfd8 19. Rde1 Nge5 20. Bf2 b6 21. Be2 Bc4 22. Bxc4 Nxc4 23. Bh4 N4e5 24. Kg1 Rac8 25. Bf2 Qb7 26. Qf4 a4 27. Nd2 Nb4 28. Nf3 Nxf3+ 29. Qxf3 e6 30. a3 Nxc2 31. Rc1 Nd4 32. Qe2 Nxe2+ 33. Kh1 Nf4 34. Bh4 Rxc1 35. Rxc1 Qxe4 36. Rg1 Rd2 37. Bf2 Rxf2 38. h3 Nxg2 39. b4 Nh4+ 40. Rg2 Qxg2# 0-1

[Event "NAYCC U14"]
[Site "Toronto CAN"]
[Date "2013.08.18"]
[Round "8"]
[White "Nitu, Vladimir"]
[Black "Sirkovich, Daniel"]
[Result "0-1"]
[WhiteElo "1446"]
[BlackElo "1768"]
[PlyCount "110"]
[GameId "2160767740551353"]
[EventDate "2013.08.14"]
[EventType "swiss"]
[EventRounds "9"]
[EventCountry "CAN"]

1. d4 Nf6 2. c4 e6 3. Nc3 c5 4. d5 exd5 5. cxd5 d6 6. e4 g6 7. Bd3 Bg7 8. f4 O-O 9. Nf3 Bg4 10. O-O Re8 11. Qc2 Nbd7 12. Nd2 Nh5 13. Nf3 Bxf3 14. Rxf3 a6 15. a4 Rc8 16. b3 Qh4 17. g3 Bd4+ 18. Kg2 Qe7 19. Bb2 Nhf6 20. Re1 Nb6 21. Nd1 Bxb2 22. Nxb2 Nbxd5 23. e5 Nb4 24. Qb1 Nxd3 25. Nxd3 dxe5 26. Rxe5 Qd6 27. Qe1 Qd4 28. Rfe3 Rf8 29. Nf2 c4 30. Qc3 Rfd8 31. bxc4 Rxc4 32. Qxd4 Rdxd4 33. Rb3 Rb4 34. Rxb4 Rxb4 35. Re7 Nd5 36. Rd7 Nc3 37. Nd3 Rxa4 38. Rxb7 Ra2+ 39. Kh1 a5 40. Ra7 Nd5 41. Ne5 Ne3 42. Kg1 f6 43. Nc6 Rg2+ 44. Kh1 Rc2 45. Ne7+ Kf8 46. Kg1 a4 47. Rxa4 Rg2+ 48. Kh1 Re2 49. Nxg6+ hxg6 50. Kg1 Nf5 51. Ra7 {Rd7 Kg7 Rd6 f5 h3 Kh6 Rd8 Kg7 Rd6 Ng8 Rd7} Re7 {Rd3 Nf6} 52. Kf2 {Ne4 Kf3 Kf6 h4} Kg7 53. Kg2 Kh6 54. Kf3 Kh5 {Rd8 Kh6 Rd3 Nf6 Rc3 Nd5 Rd3 Nc7 Rc3 Kg7 Rc6 Nd5 Rd6 Ne3 Rd3 Ng4 Rc3 Nf6 Rd3} 55. Rd7 Re3+ {Ne4} 0-1

[Event "NAYCC U14"]
[Site "Toronto CAN"]
[Date "2013.08.18"]
[Round "8"]
[White "Roque Sola, Jose Luis"]
[Black "Bian, Alex"]
[Result "1/2-1/2"]
[WhiteElo "1747"]
[BlackElo "2059"]
[PlyCount "68"]
[GameId "2160767909284164"]
[EventDate "2013.08.14"]
[EventType "swiss"]
[EventRounds "9"]
[EventCountry "CAN"]
[SourceTitle "EXT 2022"]
[Source "ChessBase"]
[SourceDate "2021.10.06"]
[SourceVersion "1"]
[SourceVersionDate "2021.10.06"]
[SourceQuality "1"]

1. e4 c5 2. Nf3 g6 3. d4 cxd4 4. Nxd4 Nc6 5. Nc3 Bg7 6. Be3 Nf6 7. Bc4 O-O 8. Bb3 a5 9. f3 d6 10. Qd2 Nxd4 11. Bxd4 Bd7 12. a4 Bc6 13. O-O-O Nd7 14. Bxg7 Kxg7 15. h4 f6 16. h5 g5 17. h6+ Kh8 18. f4 gxf4 19. Qxf4 Nc5 20. Bd5 Be8 21. Qg3 Bg6 22. Rh4 Rc8 23. Rg4 Qe8 24. Rd4 e5 25. Rc4 f5 26. exf5 Rxf5 27. Ne4 Nxe4 28. Rgxe4 Rf8 29. Qg5 Rxc4 30. Rxc4 Rf5 31. Qh4 Rf8 32. Qg5 Qd7 33. g4 b6 34. b3 Rf1+ 1/2-1/2

[Event "NAYCC U14"]
[Site "Toronto CAN"]
[Date "2013.08.18"]
[Round "8"]
[White "Tanenbaum, Zachary Chen"]
[Black "Graif, William"]
[Result "1-0"]
[WhiteElo "2143"]
[BlackElo "2096"]
[PlyCount "121"]
[GameId "2160767909284165"]
[EventDate "2013.08.14"]
[EventType "swiss"]
[EventRounds "9"]
[EventCountry "CAN"]
[SourceTitle "EXT 2022"]
[Source "ChessBase"]
[SourceDate "2021.10.06"]
[SourceVersion "1"]
[SourceVersionDate "2021.10.06"]
[SourceQuality "1"]

1. e4 c5 2. Nf3 d6 3. d4 cxd4 4. Nxd4 Nf6 5. Nc3 g6 6. Be3 Bg7 7. f3 O-O 8. Qd2 Nc6 9. g4 Nxd4 10. Bxd4 Be6 11. O-O-O Qa5 12. Kb1 Rfc8 13. Nd5 Qxd2 14. Nxf6+ Bxf6 15. Rxd2 Bxd4 16. Rxd4 Rc5 17. c3 g5 18. h4 h6 19. hxg5 hxg5 20. a3 Kg7 21. Kc2 a6 22. Kd2 b5 23. Ke3 a5 24. Rd2 f6 25. Kd4 Bg8 26. Rdh2 Rb8 27. Rh8 b4 28. R1h7+ Kf8 29. cxb4 axb4 30. a4 Rb7 31. Ke3 Rbc7 32. Bd3 e5 33. Rxc7 Rxc7 34. Rh1 Rc5 35. Ra1 Ra5 36. Bb5 Bb3 37. Kd2 d5 38. Ke3 d4+ 39. Kd3 Ke7 40. Kd2 Kd6 41. Kd3 Kc7 42. Rc1+ Kd6 43. Rc6+ Ke7 44. Rc7+ Kf8 45. Rc8+ Kg7 46. Rc7+ Kg6 47. Be8+ Kh6 48. Bd7 Bg8 49. Bb5 Ra8 50. Bc6 Ra5 51. Rb7 Rc5 52. Bb5 Ba2 53. a5 Bb1+ 54. Kd2 Rc2+ 55. Kd1 Rh2 56. a6 Bc2+ 57. Ke1 Rh1+ 58. Bf1 d3 59. a7 Rh2 60. Bxd3 Rh1+ 61. Bf1 1-0

[Event "NAYCC U14"]
[Site "Toronto CAN"]
[Date "2013.08.18"]
[Round "8"]
[White "Tao, Jeffrey"]
[Black "Wang, Eric1"]
[Result "1/2-1/2"]
[WhiteElo "1958"]
[BlackElo "1870"]
[PlyCount "48"]
[GameId "2160767909284166"]
[EventDate "2013.08.14"]
[EventType "swiss"]
[EventRounds "9"]
[EventCountry "CAN"]
[SourceTitle "EXT 2022"]
[Source "ChessBase"]
[SourceDate "2021.10.06"]
[SourceVersion "1"]
[SourceVersionDate "2021.10.06"]
[SourceQuality "1"]

1. e4 c5 2. Nf3 Nc6 3. Bb5 Nf6 4. Nc3 g6 5. O-O Bg7 6. d3 O-O 7. h3 a6 8. Bxc6 dxc6 9. Be3 b6 10. Qd2 a5 11. Bh6 Ba6 12. Rfe1 Qc7 13. Bxg7 Kxg7 14. e5 Ng8 15. Qg5 Rae8 16. h4 Nh6 17. h5 f6 18. Qg3 Qc8 19. hxg6 hxg6 20. exf6+ exf6 21. Qf4 Qd7 22. Rad1 Nf5 23. Na4 Qd8 24. Re4 Nd6 1/2-1/2

[Event "NAYCC U14"]
[Site "Toronto CAN"]
[Date "2013.08.18"]
[Round "8"]
[White "Valdez Torres, Nestor Josue"]
[Black "Doknjas, John"]
[Result "1/2-1/2"]
[WhiteElo "1903"]
[BlackElo "2086"]
[PlyCount "46"]
[GameId "2160767909284167"]
[EventDate "2013.08.14"]
[EventType "swiss"]
[EventRounds "9"]
[EventCountry "CAN"]
[SourceTitle "EXT 2022"]
[Source "ChessBase"]
[SourceDate "2021.10.06"]
[SourceVersion "1"]
[SourceVersionDate "2021.10.06"]
[SourceQuality "1"]

1. d4 Nf6 2. c4 c5 3. d5 e6 4. Nc3 exd5 5. cxd5 d6 6. e4 g6 7. Nf3 Bg7 8. Bd3 O-O 9. h3 Nh5 10. O-O Nd7 11. Bg5 Bf6 12. Qd2 Bxg5 13. Qxg5 Qxg5 14. Nxg5 Ne5 15. Be2 Nf4 16. Bd1 Ned3 17. b3 b6 18. Nf3 f5 19. Nd2 Bd7 20. Kh2 b5 21. g3 b4 22. Ne2 Nxe2 23. Bxe2 Ne5 1/2-1/2

[Event "NAYCC U14"]
[Site "Toronto CAN"]
[Date "2013.08.18"]
[Round "8"]
[White "Yanchev, Venelin"]
[Black "Katznelson, Roy"]
[Result "0-1"]
[WhiteElo "550"]
[BlackElo "998"]
[PlyCount "84"]
[GameId "2160767909284168"]
[EventDate "2013.08.14"]
[EventType "swiss"]
[EventRounds "9"]
[EventCountry "CAN"]
[SourceTitle "EXT 2022"]
[Source "ChessBase"]
[SourceDate "2021.10.06"]
[SourceVersion "1"]
[SourceVersionDate "2021.10.06"]
[SourceQuality "1"]

1. d4 d5 2. e3 Nf6 3. c4 Nc6 4. Nf3 Bf5 5. Bd3 Bxd3 6. Qxd3 e6 7. c5 b6 8. Qb5 Qd7 9. O-O Rb8 10. Ne5 Nxe5 11. Qxd7+ Nexd7 12. c6 Bd6 13. cxd7+ Nxd7 14. Nc3 Nf6 15. h3 O-O 16. f3 e5 17. Nb5 exd4 18. Nxd4 a5 19. g4 Rfe8 20. Nf5 Bc5 21. g5 Nh5 22. Kg2 g6 23. Nd4 Ng7 24. Nc2 Nf5 25. Re1 Re5 26. Kf2 Ree8 27. a3 Bd6 28. f4 d4 29. b4 d3 30. Ra2 dxc2 31. Rxc2 Bxf4 32. Rc3 Bg3+ 33. Kf1 Bxe1 34. Kxe1 Nxe3 35. Rxc7 Nd5+ 36. Kf1 Nxc7 37. Bd2 Nd5 38. bxa5 bxa5 39. Bxa5 Ra8 40. Bb4 Nxb4 41. axb4 Ra2 42. b5 Rb2 0-1

[Event "NAYCC U14"]
[Site "Toronto CAN"]
[Date "2013.08.18"]
[Round "8"]
[White "Yaskolko, Alexander"]
[Black "Song, Eric"]
[Result "1/2-1/2"]
[WhiteElo "1720"]
[BlackElo "1759"]
[PlyCount "85"]
[GameId "2160767909284169"]
[EventDate "2013.08.14"]
[EventType "swiss"]
[EventRounds "9"]
[EventCountry "CAN"]
[SourceTitle "EXT 2022"]
[Source "ChessBase"]
[SourceDate "2021.10.06"]
[SourceVersion "1"]
[SourceVersionDate "2021.10.06"]
[SourceQuality "1"]

1. e4 e5 2. Nf3 Nc6 3. Bb5 a6 4. Ba4 Nf6 5. O-O b5 6. Bb3 Be7 7. Re1 d6 8. c3 Bg4 9. h3 Bh5 10. d3 Na5 11. Bc2 c5 12. Nbd2 O-O 13. Nf1 Nd7 14. Ng3 Bg6 15. d4 exd4 16. cxd4 Nc6 17. Bf4 Qb6 18. dxc5 Nxc5 19. Bxd6 Rad8 20. Bxc5 Qxc5 21. Qe2 Bf6 22. Bb3 Rfe8 23. Rac1 Qb6 24. Rcd1 Nd4 25. Qe3 Nxf3+ 26. Qxf3 Rxd1 27. Rxd1 Bxb2 28. h4 h5 29. Nxh5 Rxe4 30. Nf4 Rd4 31. Rxd4 Bxd4 32. h5 Bf5 33. g4 Be6 34. Qa8+ Kh7 35. Bc2+ Kh6 36. Nh3 g6 37. g5+ Kxh5 38. Bd1+ Bg4 39. Bxg4+ Kxg4 40. Kg2 Qd6 41. Qf3+ Kh4 42. Qe4+ Kh5 43. Qe2+ 1/2-1/2

[Event "NAYCC U14"]
[Site "Toronto CAN"]
[Date "2013.08.18"]
[Round "8"]
[White "Ye, Hanyuan"]
[Black "Zhong, Joey"]
[Result "1-0"]
[WhiteElo "1971"]
[BlackElo "1901"]
[PlyCount "117"]
[GameId "2160767909284170"]
[EventDate "2013.08.14"]
[EventType "swiss"]
[EventRounds "9"]
[EventCountry "CAN"]
[SourceTitle "EXT 2022"]
[Source "ChessBase"]
[SourceDate "2021.10.06"]
[SourceVersion "1"]
[SourceVersionDate "2021.10.06"]
[SourceQuality "1"]

1. e4 c5 2. Nf3 e6 3. d4 cxd4 4. Nxd4 Nc6 5. Nb5 d6 6. c4 Nf6 7. N1c3 a6 8. Na3 Be7 9. Be3 Ne5 10. Be2 b6 11. f4 Ned7 12. Bf3 Bb7 13. Qc2 Qc7 14. O-O O-O 15. Rad1 Rac8 16. Bf2 Rfe8 17. Qe2 h6 18. Bg3 Red8 19. Kh1 Qb8 20. Nc2 Qc7 21. b3 b5 22. Ne3 b4 23. e5 bxc3 24. exf6 Bxf3 25. Qxf3 Bxf6 26. f5 Ne5 27. Bxe5 Bxe5 28. Ng4 exf5 29. Qxf5 Re8 30. Nxe5 Rxe5 31. Qd3 Rce8 32. Qxc3 Qe7 33. Qd2 Re2 34. Qxd6 Rxa2 35. Qf4 Re2 36. Qf5 Qb7 37. Qd5 Qxb3 38. Qxf7+ Kh8 39. Rd7 Qb2 40. Qg6 Qe5 41. Rdf7 Re1 42. Qxa6 Qe2 43. Rg1 Rxg1+ 44. Kxg1 Qd1+ 45. Rf1 Re1 46. Qc8+ Kh7 47. Qf5+ Kg8 48. Qf2 Rxf1+ 49. Qxf1 Qd4+ 50. Kh1 Qe5 51. h3 Qc5 52. Qe2 Kf7 53. Kh2 Qd6+ 54. g3 Qd4 55. Kg2 Kg8 56. Qc2 Qc5 57. Qd3 Qc6+ 58. Qd5+ Qxd5+ 59. cxd5 1-0

[Event "NAYCC U14"]
[Site "Toronto CAN"]
[Date "2013.08.18"]
[Round "8"]
[White "Yu, Wenlu"]
[Black "Lei, Sean"]
[Result "1-0"]
[WhiteElo "2002"]
[BlackElo "1310"]
[PlyCount "109"]
[GameId "2160767909284171"]
[EventDate "2013.08.14"]
[EventType "swiss"]
[EventRounds "9"]
[EventCountry "CAN"]
[SourceTitle "EXT 2022"]
[Source "ChessBase"]
[SourceDate "2021.10.06"]
[SourceVersion "1"]
[SourceVersionDate "2021.10.06"]
[SourceQuality "1"]

1. e4 c5 2. Nf3 d6 3. d4 cxd4 4. Nxd4 Nf6 5. Nc3 g6 6. f3 Bg7 7. Be3 Nc6 8. Qd2 O-O 9. O-O-O a6 10. Kb1 Bd7 11. Nb3 b5 12. h4 h5 13. Bh6 Ne5 14. Bxg7 Kxg7 15. Be2 Rc8 16. Rdg1 Nc4 17. Bxc4 Rxc4 18. Nd1 Qc7 19. Ne3 Rc6 20. Qd3 a5 21. g4 a4 22. Nd4 Rc5 23. gxh5 Rxh5 24. Ndf5+ Kh7 25. Nxe7 Be6 26. N7d5 Bxd5 27. exd5 Qc5 28. Rg5 Re8 29. Ng4 Kg7 30. Nxf6 Kxf6 31. Rxh5 gxh5 32. Rd1 Re5 33. f4 Re3 34. Qd2 b4 35. Qg2 Ke7 36. Qg5+ Kf8 37. Qxh5 a3 38. Qh6+ Ke8 39. h5 Re2 40. Qh7 axb2 41. Qh8+ Ke7 42. Qxb2 Rh2 43. Re1+ Kd7 44. Qb3 Qb5 45. Qe3 Qxd5 46. Qe8+ Kc7 47. Re7+ Kb6 48. Qb8+ Kc5 49. Qa7+ Kb5 50. Rb7+ Kc4 51. Rc7+ Kb5 52. Qb8+ Ka4 53. Ra7+ Qa5 54. Qe8+ Ka3 55. Rxa5# 1-0

[Event "NAYCC U14"]
[Site "Toronto CAN"]
[Date "2013.08.18"]
[Round "9"]
[White "Aghamalian, Derick"]
[Black "Huang, Patrick"]
[Result "1/2-1/2"]
[WhiteElo "1722"]
[BlackElo "1632"]
[PlyCount "100"]
[GameId "2160767909284172"]
[EventDate "2013.08.14"]
[EventType "swiss"]
[EventRounds "9"]
[EventCountry "CAN"]
[SourceTitle "hb 2013"]

1. e4 c5 2. Nf3 d6 3. d4 cxd4 4. Nxd4 Nf6 5. Nc3 a6 6. Be3 e6 7. Be2 b5 8. a3 Bb7 9. f3 Nbd7 10. O-O Rc8 11. Qd2 Be7 12. Rac1 O-O 13. Kf2 Ne5 14. Rh1 Neg4+ 15. Kf1 Nxe3+ 16. Qxe3 Nd7 17. f4 Bf6 18. Bf3 e5 19. Nde2 exf4 20. Qd2 Ne5 21. b3 Qc7 22. Nd5 Bxd5 23. Qxd5 Nxf3 24. gxf3 Bb2 25. Rd1 Bxa3 26. c3 Bc5 27. Nxf4 Bb6 28. Ne2 Ba5 29. b4 Bb6 30. Qxd6 Rfd8 31. Qxc7 Rxd1+ 32. Kg2 Bxc7 33. Rxd1 Kf8 34. Kf2 Be5 35. Rd3 g5 36. h3 Rc6 37. Kg2 Ke7 38. Kf2 Ke8 39. Kg2 Ke7 40. Kf2 Rc8 41. Ke1 Ke6 42. Kd2 f5 43. Nd4+ Bxd4 44. Rxd4 fxe4 45. Rxe4+ Kd6 46. Rd4+ Ke6 47. Re4+ Kd6 48. Rd4+ Ke6 49. Re4+ Kd6 50. Rd4+ Ke6 1/2-1/2

[Event "NAYCC U14"]
[Site "Toronto CAN"]
[Date "2013.08.18"]
[Round "9"]
[White "Baskaran, Karthik"]
[Black "Balachandran, Shesan"]
[Result "1/2-1/2"]
[WhiteElo "1382"]
[BlackElo "1227"]
[PlyCount "82"]
[GameId "2160767909284173"]
[EventDate "2013.08.14"]
[EventType "swiss"]
[EventRounds "9"]
[EventCountry "CAN"]
[SourceTitle "hb 2013"]

1. e4 e5 2. Nf3 Nc6 3. Bc4 Bc5 4. Nc3 Nf6 5. d3 O-O 6. O-O d6 7. Bg5 Be6 8. Bb3 Ne7 9. Re1 Kh8 10. d4 exd4 11. Nxd4 Bxb3 12. axb3 c6 13. Nf3 Qc7 14. Bf4 Rad8 15. Na4 Ng6 16. Bg5 Rd7 17. Qe2 Bb6 18. Nxb6 axb6 19. Bxf6 gxf6 20. Nd4 Rg8 21. Qf3 Qd8 22. g3 Ne5 23. Qg2 h5 24. Qh3 Rg7 25. Qxh5+ Rh7 26. Qe2 Qg8 27. f3 Rd8 28. Rf1 Ra8 29. Nf5 Rd8 30. Qe3 c5 31. Ra7 Rh3 32. Kg2 Qh7 33. Rh1 d5 34. Rxb7 dxe4 35. fxe4 Ng4 36. Qe2 Rxh2+ 37. Rxh2 Qxh2+ 38. Kf3 Ne5+ 39. Ke3 Qg1+ 40. Kf4 Ng6+ 41. Kf3 Ne5+ 1/2-1/2

[Event "NAYCC U14"]
[Site "Toronto CAN"]
[Date "2013.08.18"]
[Round "9"]
[White "Bellissimo, Joseph"]
[Black "Tanenbaum, Zachary Chen"]
[Result "1/2-1/2"]
[WhiteElo "1999"]
[BlackElo "2143"]
[PlyCount "39"]
[GameId "2160767909284174"]
[EventDate "2013.08.14"]
[EventType "swiss"]
[EventRounds "9"]
[EventCountry "CAN"]
[SourceTitle "EXT 2022"]
[Source "ChessBase"]
[SourceDate "2021.10.06"]
[SourceVersion "1"]
[SourceVersionDate "2021.10.06"]
[SourceQuality "1"]

1. e4 e5 2. Nf3 Nc6 3. Bc4 Nf6 4. d3 Be7 5. c3 O-O 6. O-O d5 7. exd5 Nxd5 8. Nbd2 Bg4 9. Qe2 Nf4 10. Qe4 Bd6 11. Nb3 Kh8 12. Bxf4 f5 13. Qe2 exf4 14. d4 Rf6 15. Nbd2 Rh6 16. Rfe1 Qf6 17. Qe6 Qd8 18. Ng5 Bh5 19. Qxf5 Ne7 20. Nf7+ 1/2-1/2

[Event "NAYCC U14"]
[Site "Toronto CAN"]
[Date "2013.08.18"]
[Round "9"]
[White "Bian, Alex"]
[Black "Valdez Torres, Nestor Josue"]
[Result "1-0"]
[WhiteElo "2059"]
[BlackElo "1903"]
[PlyCount "47"]
[GameId "2160767909284175"]
[EventDate "2013.08.14"]
[EventType "swiss"]
[EventRounds "9"]
[EventCountry "CAN"]
[SourceTitle "EXT 2022"]
[Source "ChessBase"]
[SourceDate "2021.10.06"]
[SourceVersion "1"]
[SourceVersionDate "2021.10.06"]
[SourceQuality "1"]

1. e4 c5 2. Nc3 Nc6 3. f4 g6 4. Nf3 Bg7 5. Bb5 e6 6. Bxc6 bxc6 7. e5 Ne7 8. Ne4 O-O 9. Nxc5 d5 10. exd6 Qxd6 11. d4 Rd8 12. O-O Bxd4+ 13. Qxd4 Qxd4+ 14. Nxd4 Rxd4 15. Be3 Rc4 16. c3 Nf5 17. Bf2 Rxf4 18. g3 Rg4 19. Rad1 h5 20. b3 Rg5 21. Ne4 Nxg3 22. Bxg3 Ra5 23. Rd8+ Kg7 24. Nd6 1-0

[Event "NAYCC U14"]
[Site "Toronto CAN"]
[Date "2013.08.18"]
[Round "9"]
[White "Chen, George"]
[Black "Yanchev, Venelin"]
[Result "1-0"]
[WhiteElo "1158"]
[BlackElo "550"]
[PlyCount "51"]
[GameId "2160767909284176"]
[EventDate "2013.08.14"]
[EventType "swiss"]
[EventRounds "9"]
[EventCountry "CAN"]
[SourceTitle "hb 2013"]

1. e4 e6 2. d3 d5 3. Nd2 Bd6 4. Ngf3 Nd7 5. g3 c5 6. Bg2 Ngf6 7. O-O O-O 8. Re1 Ng4 9. h3 Nge5 10. Nxe5 Nxe5 11. exd5 exd5 12. Bxd5 Qf6 13. Bg2 Rb8 14. Ne4 Qe7 15. Nxd6 Qxd6 16. Bf4 Re8 17. Qh5 Qb6 18. Bxe5 Rxe5 19. Qxe5 g6 20. Qxb8 Qd8 21. Bxb7 Bxb7 22. Qxd8+ Kg7 23. Re7 Bd5 24. Qxd5 Kh6 25. Qxf7 Kg5 26. Qf4+ 1-0

[Event "NAYCC U14"]
[Site "Toronto CAN"]
[Date "2013.08.18"]
[Round "9"]
[White "Cheung, Lukas"]
[Black "Handigol, Abhishek"]
[Result "1-0"]
[WhiteElo "1604"]
[BlackElo "2023"]
[PlyCount "77"]
[GameId "2160767909284177"]
[EventDate "2013.08.14"]
[EventType "swiss"]
[EventRounds "9"]
[EventCountry "CAN"]
[SourceTitle "hb 2013"]

1. d4 d5 2. c4 e5 3. e3 exd4 4. exd4 Nf6 5. Bg5 Be7 6. Nc3 Be6 7. c5 O-O 8. Nf3 Nbd7 9. h3 c6 10. Bd3 Qc7 11. O-O b6 12. b4 bxc5 13. bxc5 Rab8 14. Qd2 Qd8 15. Bf4 Rb7 16. Ba6 Rb4 17. a3 Rb8 18. Bxb8 Nxb8 19. Bd3 Qc7 20. Rab1 Nh5 21. Rfe1 Nf4 22. Bc2 Nd7 23. h4 h6 24. Ne5 g5 25. Nd3 Kh8 26. Nxf4 gxf4 27. Ne2 Qd8 28. Nxf4 Bxh4 29. Nxe6 Bxf2+ 30. Kf1 Qh4 31. Nxf8 Bg3 32. Nxd7 Qh1+ 33. Ke2 Qxg2+ 34. Kd3 Qf3+ 35. Re3 Qf5+ 36. Kc3 Qxd7 37. Rxg3 Qe6 38. Rb8+ Qe8 39. Rxe8# 1-0

[Event "NAYCC U14"]
[Site "Toronto CAN"]
[Date "2013.08.18"]
[Round "9"]
[White "Doknjas, John"]
[Black "Roque Sola, Jose Luis"]
[Result "1/2-1/2"]
[WhiteElo "2086"]
[BlackElo "1747"]
[PlyCount "98"]
[GameId "2160767909284178"]
[EventDate "2013.08.14"]
[EventType "swiss"]
[EventRounds "9"]
[EventCountry "CAN"]
[SourceTitle "hb 2013"]

1. d4 e6 2. c4 Nf6 3. Nc3 Bb4 4. e3 c5 5. Nge2 b6 6. a3 Bxc3+ 7. Nxc3 Bb7 8. d5 exd5 9. cxd5 d6 10. Be2 O-O 11. O-O a6 12. a4 Re8 13. f4 Qe7 14. Bf3 Nbd7 15. Qd3 Rac8 16. Qc4 h5 17. e4 Nf8 18. Bd2 Ng6 19. Rae1 Qc7 20. Rf2 Re7 21. Rfe2 Rce8 22. g3 Ng4 23. h3 N4e5 24. fxe5 Nxe5 25. Qb3 Nxf3+ 26. Kg2 Nxe1+ 27. Rxe1 Bc8 28. Qd1 f5 29. Bg5 Re5 30. Bf4 R5e7 31. Bg5 Rxe4 32. Nxe4 fxe4 33. Qxh5 Qf7 34. Qxf7+ Kxf7 35. Bf4 Bb7 36. Bxd6 Bxd5 37. Kf2 Ke6 38. Bf4 b5 39. axb5 axb5 40. Ra1 Ra8 41. Rxa8 Bxa8 42. Ke3 Kd5 43. g4 Bc6 44. Bg3 b4 45. Bh4 c4 46. Be1 Kc5 47. Bd2 Kb5 48. Kd4 Bb7 49. Be3 Bc6 1/2-1/2

[Event "NAYCC U14"]
[Site "Toronto CAN"]
[Date "2013.08.18"]
[Round "9"]
[White "Graif, William"]
[Black "Dommalapati, Abhinay"]
[Result "1-0"]
[WhiteElo "2096"]
[BlackElo "1945"]
[PlyCount "80"]
[GameId "2160767909284179"]
[EventDate "2013.08.14"]
[EventType "swiss"]
[EventRounds "9"]
[EventCountry "CAN"]
[SourceTitle "hb 2013"]

1. e4 e6 2. d4 d5 3. Nd2 dxe4 4. Nxe4 Nd7 5. Bd3 Be7 6. Nf3 Ngf6 7. Nxf6+ Nxf6 8. Bg5 b6 9. Qe2 Bb7 10. O-O-O Nd5 11. Bxe7 Qxe7 12. Qe5 O-O-O 13. a3 Qf6 14. Ng5 Qxe5 15. dxe5 Rd7 16. Bb5 c6 17. Be2 Nf4 18. Bf3 f6 19. exf6 gxf6 20. Ne4 Nd5 21. c4 f5 22. cxd5 fxe4 23. dxe6 Rxd1+ 24. Bxd1 Kd8 25. Bg4 Ke7 26. Rd1 Bc8 27. Re1 Rg8 28. Bh3 Rf8 29. Rxe4 Rxf2 30. Rh4 Bxe6 31. Rxh7+ Rf7 32. Rxf7+ Bxf7 33. Kd2 Kf6 34. Bd7 c5 35. h4 a6 36. Bc8 Bd5 37. g4 a5 38. Bd7 b5 39. Kc3 Bf7 40. g5+ Kg6 1-0

[Event "NAYCC U14"]
[Site "Toronto CAN"]
[Date "2013.08.18"]
[Round "9"]
[White "Guo, Richard"]
[Black "D'Amore, Tyler"]
[Result "1-0"]
[WhiteElo "1766"]
[BlackElo "1036"]
[PlyCount "39"]
[GameId "2160767909284180"]
[EventDate "2013.08.14"]
[EventType "swiss"]
[EventRounds "9"]
[EventCountry "CAN"]
[SourceTitle "hb 2013"]

1. e4 c5 2. Nc3 Nc6 3. f4 e6 4. Nf3 g6 5. Bc4 Nge7 6. d3 Bg7 7. O-O O-O 8. a3 a6 9. Qe1 d5 10. Ba2 d4 11. Ne2 Bd7 12. Qh4 Nc8 13. Qh3 e5 14. f5 Nd6 15. g4 b5 16. fxg6 hxg6 17. Ng5 Re8 18. Bxf7+ Nxf7 19. Qh7+ Kf8 20. Rxf7# 1-0

[Event "NAYCC U14"]
[Site "Toronto CAN"]
[Date "2013.08.18"]
[Round "9"]
[White "Hua, Justin"]
[Black "D'Alonzo, Joseph"]
[Result "0-1"]
[WhiteElo "1210"]
[BlackElo "1228"]
[PlyCount "45"]
[GameId "2160767909284181"]
[EventDate "2013.08.14"]
[EventType "swiss"]
[EventRounds "9"]
[EventCountry "CAN"]
[SourceTitle "hb 2013"]

1. e4 e6 2. d4 d5 3. e5 c5 4. Nf3 Nc6 5. c3 Qb6 6. b3 cxd4 7. cxd4 Bb4+ 8. Bd2 Nxd4 9. Bxb4 Qxb4+ 10. Nbd2 Nxf3+ 11. Qxf3 Qd4 12. Bb5+ Bd7 13. Bxd7+ Kxd7 14. Qxf7+ Ne7 15. O-O Qxd2 16. Qxg7 Rac8 17. Rfd1 Qc2 18. Qh6 Qf5 19. Qe3 b6 20. Rac1 Ng6 21. Qe2 Nxe5 22. Qb5+ Ke7 23. Rc6 0-1

[Event "NAYCC U14"]
[Site "Toronto CAN"]
[Date "2013.08.18"]
[Round "9"]
[White "Katznelson, Roy"]
[Black "Forsyth, Dane"]
[Result "0-1"]
[WhiteElo "998"]
[BlackElo "1180"]
[PlyCount "118"]
[GameId "2160767909284182"]
[EventDate "2013.08.14"]
[EventType "swiss"]
[EventRounds "9"]
[EventCountry "CAN"]
[SourceTitle "hb 2013"]

1. d4 Nf6 2. c4 e6 3. Bf4 d5 4. e3 a6 5. b3 c5 6. Nf3 Nc6 7. Be2 Bd6 8. Bxd6 Qxd6 9. O-O O-O 10. Nc3 dxc4 11. bxc4 cxd4 12. Nxd4 Nxd4 13. Qxd4 Qxd4 14. exd4 Rd8 15. Rfd1 Bd7 16. Bf3 Rab8 17. h3 b5 18. cxb5 Bxb5 19. d5 Bc4 20. dxe6 Bxe6 21. Be2 a5 22. Rac1 g6 23. a3 Kg7 24. Kh2 h5 25. Na4 Rxd1 26. Bxd1 Bb3 27. Nc5 Bxd1 28. Rxd1 Rb5 29. Rc1 Rb2 30. f3 Nd5 31. Rd1 Ne3 32. Rg1 Rd2 33. a4 Rb2 34. Nd3 Rd2 35. Nc5 Ra2 36. Kh1 Nc4 37. Re1 Nd2 38. Re2 Ra1+ 39. Kh2 Nf1+ 40. Kg1 Ng3+ 41. Kf2 Nxe2 42. Kxe2 Ra2+ 43. Ke3 Rxg2 44. Nb7 Ra2 45. Nxa5 Rxa4 46. Nc6 Rh4 47. f4 Rxh3+ 48. Ke4 h4 49. Ne7 Rh1 50. Nd5 Rf1 51. Nc7 h3 52. Ne8+ Kf8 53. Nf6 h2 54. Nh7+ Kg7 55. Ng5 h1=Q+ 56. Ke5 f6+ 57. Kd6 Rd1+ 58. Ke7 Qb7+ 59. Ke6 Qd7# 0-1